| 000 | 01105cam a2200277 4500 | ||
|---|---|---|---|
| 008 | 020325n2001 000 0 eng u | ||
| 020 | _a1852333219 | ||
| 035 | _a(Sirsi) u117228 | ||
| 041 | _aeng. | ||
| 050 | _a551.6354 CRA | ||
| 100 | _aCracknell, A. | ||
| 245 | _aRemote sensing and climate change: the role of earth observation | ||
| 260 |
_aSurrey _bSpringer Verlag _c2001 |
||
| 300 |
_axxxii,301 _bill. _c25cm. |
||
| 350 | _a85 | ||
| 520 | _aConsiders the role that archived data from remote sensing satellites can play in providing evidence of climate change on Earth. Discusses the potential value of the various types of data that can be analysed, which include mean sea surface temperature, changing rainfall patterns, and the depletion of stratospheric ozone, and addresses the need for rigorous calibration. | ||
| 650 | _aCLIMATE CHANGE | ||
| 650 | _aCLIMATOLOGY | ||
| 650 | _aCLIMATIC CONDITIONS | ||
| 650 | _aREMOTE SENSING | ||
| 650 | _aSATELLITE CLIMATOLOGY | ||
| 650 | _aEARTH OBSERVATION | ||
| 650 |
_aEnvironment _96238 |
||
| 690 |
_aGEOMATICS _96242 |
||
| 942 | _n0 | ||
| 999 |
_c101964 _d101964 |
||